000 00399nam a2200181Ia 4500
005 20240823015252.0
008 240823s9999||||xx |||||||||||||| ||und||
041 _aENGLISH
082 _A629.223
100 _aNakra C P
245 0 _aMaruti Car
250 _a1st
260 _bDhanpat Rai &
_aDelhi
500 _aTransfered
650 _aMachine
_bMechanical
942 _cBK
999 _c172030
_d172030